[Event "Liga Madrileña - DH 2015-2016"]
[Site "Madrid ESP"]
[Date "2015.11.22"]
[Round "1.11"]
[White "Rubio Mejia, Luis Ignacio"]
[Black "Valles Moreno, Ivan"]
[Result "0-1"]
[WhiteElo "2457"]
[BlackElo "2427"]
[PlyCount "122"]
[EventDate "2015.11.22"]
[EventType "team-tourn"]
[EventRounds "14"]
[EventCountry "ESP"]
[Source "lmi"]
[SourceDate "2015.11.22"]
[WhiteTeam "Virgen de Atocha"]
[BlackTeam "Liberty Chess"]
[WhiteTeamCountry "ESP"]
[BlackTeamCountry "ESP"]

1. d4 Nf6 2. c4 g6 3. Nc3 Bg7 4. e4 d6 5. h3 O-O 6. Nf3 Na6 7. Be3 e5 8. d5 Nc5
9. Nd2 a5 10. g4 c6 11. Be2 a4 12. g5 Ne8 13. h4 Qa5 14. a3 f5 15. f3 Bd7 16.
O-O Rf7 17. exf5 gxf5 18. Rc1 Nc7 19. Kh2 N7a6 20. f4 Raf8 21. Rg1 Qd8 22. Nf1
exf4 23. Bxf4 Be5 24. Bxe5 dxe5 25. Ng3 Nb3 26. Rb1 Qb6 27. Nxa4 Qe3 28. Qd3
Qxd3 29. Bxd3 Nd2 30. Nb6 e4 31. Bc2 cxd5 32. cxd5 Bb5 33. Rgd1 Nxb1 34. Bxb1
Nc5 35. d6 Nd7 36. Nxd7 Bxd7 37. Ba2 Rc8 38. Nh5 Kf8 39. Bxf7 Kxf7 40. Nf6 Ke6
41. Kg3 Rc2 42. h5 Rxb2 43. Nxd7 Rb3+ 44. Kh2 Kxd7 45. g6 hxg6 46. hxg6 Rxa3
47. Rd5 f4 48. Rf5 Rg3 49. Rxf4 Rxg6 50. Rf7+ Kc8 51. Rf8+ Kd7 52. Rf7+ Kc6 53.
d7 Rd6 54. Kg3 Rxd7 55. Rxd7 Kxd7 56. Kf4 Kc6 57. Kxe4 Kb5 58. Kd3 Kb4 59. Kc2
Ka3 60. Kb1 Kb3 61. Ka1 b5 0-1

[Event "Liga Madrileña - DH 2015-2016"]
[Site "Madrid ESP"]
[Date "2015.11.22"]
[Round "1.12"]
[White "Perez Gonzalez, Jose Manuel"]
[Black "Almagro Llamas, Pablo"]
[Result "1/2-1/2"]
[WhiteElo "2340"]
[BlackElo "2429"]
[PlyCount "120"]
[EventDate "2015.11.22"]
[EventType "team-tourn"]
[EventRounds "14"]
[EventCountry "ESP"]
[Source "lmi"]
[SourceDate "2015.11.22"]
[WhiteTeam "Liberty Chess"]
[BlackTeam "Virgen de Atocha"]
[WhiteTeamCountry "ESP"]
[BlackTeamCountry "ESP"]

1. e4 c6 2. d4 d5 3. e5 Bf5 4. Nf3 e6 5. Be2 Nd7 6. O-O Ne7 7. Be3 Nc8 8. Nbd2
Be7 9. Ne1 Bg6 10. f4 c5 11. c4 Ncb6 12. Bf3 dxc4 13. Bxb7 Rb8 14. Bf3 O-O 15.
Rc1 cxd4 16. Bxd4 Nc5 17. Nxc4 Bd3 18. Nd6 Bxf1 19. Bxc5 Bc4 20. b3 Bd5 21.
Bxd5 Nxd5 22. Nd3 Qd7 23. Qg4 Rfd8 24. f5 exf5 25. Nxf5 g6 26. Rf1 Kh8 27. Nh6
Bxc5+ 28. Nxc5 Qxg4 29. Nxg4 Kg7 30. e6 f6 31. Nd7 Rb7 32. Rd1 Nc7 33. e7 Re8
34. Nc5 Rb5 35. Ne4 Rxe7 36. Ngxf6 Rf5 37. Rd6 Ne8 38. Nxe8+ Rxe8 39. Rd7+ Kh6
40. g4 Rxe4 41. gxf5 gxf5 42. Rxa7 Re2 43. a4 Rb2 44. Rb7 Kg5 45. Rxh7 Rxb3 46.
Kf2 Ra3 47. Rg7+ Kf4 48. Rg3 Ra2+ 49. Kf1 Ke4 50. h4 f4 51. Rb3 Kf5 52. h5 Kg5
53. Rb4 Kg4 54. Rb3 Rxa4 55. h6 Ra6 56. h7 Rh6 57. h8=Q Rxh8 58. Kf2 Rh2+ 59.
Kf1 Rc2 60. Ra3 Rb2 1/2-1/2

[Event "Liga Madrileña - DH 2015-2016"]
[Site "Madrid ESP"]
[Date "2016.02.08"]
[Round "1.13"]
[White "Martinez Martin, David"]
[Black "Gallardo Garcia, Andres"]
[Result "1/2-1/2"]
[WhiteElo "2407"]
[BlackElo "2327"]
[PlyCount "105"]
[EventDate "2015.11.22"]
[EventType "team-tourn"]
[EventRounds "14"]
[EventCountry "ESP"]
[Source "lmi"]
[SourceDate "2015.11.22"]
[WhiteTeam "Virgen de Atocha"]
[BlackTeam "Liberty Chess"]
[WhiteTeamCountry "ESP"]
[BlackTeamCountry "ESP"]

1. e4 e5 2. Nf3 Nc6 3. Bb5 a6 4. Ba4 Nge7 5. Bb3 Ng6 6. d4 Nxd4 7. Nxd4 exd4 8.
Qxd4 Qe7 9. Nc3 Qc5 10. Qd1 Bd6 11. Be3 Qe5 12. Bd4 Qg5 13. g3 O-O 14. h4 Qa5
15. h5 Ne5 16. f4 Nc6 17. h6 g6 18. Bg7 Bb4 19. Bxf8 Bxc3+ 20. bxc3 Qxc3+ 21.
Kf2 Kxf8 22. Qd5 Qd4+ 23. Qxd4 Nxd4 24. Rad1 Nxb3 25. axb3 d6 26. e5 Bg4 27.
exd6 Bxd1 28. Rxd1 cxd6 29. Rxd6 Rc8 30. c4 Ke7 31. Rb6 Rc7 32. Ke3 Kd8 33. Kd4
Re7 34. Rf6 Kc7 35. Kc5 Rd7 36. b4 Re7 37. b5 axb5 38. cxb5 Rd7 39. f5 gxf5 40.
Rxf5 Re7 41. Kd5 Kb6 42. g4 Kc7 43. g5 Kd7 44. b6 Kd8 45. Rf4 Kd7 46. Rc4 Kd8
47. Rf4 Kd7 48. Rf5 Kd8 49. Rf6 Kd7 50. Rf1 Kd8 51. Rf2 Kd7 52. Rf3 Kd8 53. Rf1
1/2-1/2

[Event "Liga Madrileña - DH 2015-2016"]
[Site "Madrid ESP"]
[Date "2015.11.22"]
[Round "1.14"]
[White "Sanchez Gonzalez, Sergio"]
[Black "Espinosa Aranda, Angel"]
[Result "1/2-1/2"]
[WhiteElo "2300"]
[BlackElo "2401"]
[PlyCount "164"]
[EventDate "2015.11.22"]
[EventType "team-tourn"]
[EventRounds "14"]
[EventCountry "ESP"]
[Source "lmi"]
[SourceDate "2015.11.22"]
[WhiteTeam "Liberty Chess"]
[BlackTeam "Virgen de Atocha"]
[WhiteTeamCountry "ESP"]
[BlackTeamCountry "ESP"]

1. Nf3 Nf6 2. c4 g6 3. g3 Bg7 4. Bg2 O-O 5. O-O d6 6. Nc3 e5 7. d4 Nbd7 8. dxe5
dxe5 9. Bg5 h6 10. Be3 c6 11. h3 Qe7 12. Qc1 Kh7 13. Qc2 Nc5 14. b4 Na6 15. a3
Bf5 16. Qb3 Nd7 17. Rad1 Be6 18. b5 cxb5 19. Qxb5 Rfb8 20. Ne4 Nc7 21. Qa5 b6
22. Qb4 Qxb4 23. axb4 Rd8 24. Nd6 Na6 25. b5 Nac5 26. Nd2 Rab8 27. Ra1 Nf6 28.
N6e4 Nfxe4 29. Nxe4 Nxe4 30. Bxe4 Bxc4 31. Bc6 Bxe2 32. Rfe1 Bc4 33. Rxa7 Kg8
34. Ra6 Rdc8 35. Ra7 Bf8 36. Rc1 Bd3 37. Bd5 Rxc1+ 38. Bxc1 Rd8 39. Bxf7+ Kh8
40. Bb2 Bg7 41. f4 exf4 42. Bxg7+ Kxg7 43. gxf4 Kf8 44. Kf2 Rd6 45. Bb3 Bxb5
46. Rf7+ Ke8 47. Rh7 h5 48. Ke1 Bd7 49. Rh8+ Ke7 50. Rh7+ Kd8 51. h4 Rd4 52.
Rh8+ Kc7 53. Bc2 Rxf4 54. Bxg6 Rxh4 55. Rxh5 Rd4 56. Rh2 b5 57. Rd2 Rf4 58. Kd1
Be6 59. Kc1 Kc6 60. Bd3 b4 61. Rg2 Kd5 62. Kb2 Kd4 63. Bb5 Rf3 64. Rd2+ Kc5 65.
Bd3 Bd5 66. Kc2 Rf8 67. Kb2 Ra8 68. Bb1 Ra7 69. Rd3 Rg7 70. Rd2 Rg3 71. Ba2 Be4
72. Bb3 Rg1 73. Bc2 Bd5 74. Bb3 Bxb3 75. Kxb3 Rg3+ 76. Kb2 Kc4 77. Rc2+ Kb5 78.
Rc1 Rh3 79. Rg1 Rh2+ 80. Kb3 Rh3+ 81. Kb2 Rh4 82. Kb3 Rh2 1/2-1/2

[Event "Liga Madrileña - DH 2015-2016"]
[Site "Madrid ESP"]
[Date "2015.11.22"]
[Round "1.15"]
[White "Plazuelo Pascual, Juan"]
[Black "Fernandez Garcia, Miguel Angel"]
[Result "1/2-1/2"]
[WhiteElo "2351"]
[BlackElo "2334"]
[PlyCount "151"]
[EventDate "2015.11.22"]
[EventType "team-tourn"]
[EventRounds "14"]
[EventCountry "ESP"]
[Source "lmi"]
[SourceDate "2015.11.22"]
[WhiteTeam "Virgen de Atocha"]
[BlackTeam "Liberty Chess"]
[WhiteTeamCountry "ESP"]
[BlackTeamCountry "ESP"]

1. d4 c5 2. d5 e5 3. e4 d6 4. Bb5+ Nd7 5. a4 Be7 6. Nf3 Ngf6 7. Nc3 a6 8. Be2
b6 9. O-O Nf8 10. Nd2 Ng6 11. Nc4 O-O 12. g3 Ne8 13. Bg4 Rb8 14. Bxc8 Qxc8 15.
Qe2 Bd8 16. Ne3 Qb7 17. Bd2 b5 18. axb5 axb5 19. b4 c4 20. Nf5 Ne7 21. Nxe7+
Qxe7 22. Be3 Qd7 23. Ra7 Qh3 24. f3 g6 25. Qg2 Qc8 26. Kh1 Ng7 27. f4 exf4 28.
gxf4 Bf6 29. Ne2 Rb7 30. Ra6 Rd7 31. Rb6 Re8 32. Bd4 Qd8 33. Rxb5 Nh5 34. Qf3
Bxd4 35. Nxd4 Qe7 36. Re1 Qh4 37. Rf1 Rxe4 38. Rb8+ Kg7 39. Qc3 Qf6 40. Nb5
Rxf4 41. Rxf4 Qxc3 42. Rxf7+ Rxf7 43. Nxc3 Rf1+ 44. Kg2 Rc1 45. Ne4 Nf4+ 46.
Kf3 Rf1+ 47. Ke3 Nxd5+ 48. Kd4 Rd1+ 49. Kxc4 Ne3+ 50. Kc3 d5 51. Nc5 d4+ 52.
Kb2 Rd2 53. Rd8 Rxc2+ 54. Kb1 Rc4 55. Rxd4 Rxd4 56. Ne6+ Kf6 57. Nxd4 Ke5 58.
b5 Nc4 59. Nc6+ Kd5 60. Kc1 Kc5 61. Nd8 Kxb5 62. Ne6 Ne5 63. Kd2 Kc4 64. Ke3
Kd5 65. Nf4+ Kd6 66. h4 Ng4+ 67. Kf3 Nf6 68. Nd3 Ke6 69. Kf4 h6 70. Ne1 Nd5+
71. Ke4 Ne7 72. Nf3 Nf5 73. Kf4 Kf6 74. Kg4 Ne3+ 75. Kf4 Nc4 76. Ke4 1/2-1/2

[Event "Liga Madrileña - DH 2015-2016"]
[Site "Madrid ESP"]
[Date "2015.11.22"]
[Round "1.16"]
[White "Pablos Tenrero, Raquel"]
[Black "Aragon Gutierrez, Alejandro"]
[Result "1-0"]
[WhiteElo "2077"]
[BlackElo "1788"]
[PlyCount "49"]
[EventDate "2015.11.22"]
[EventType "team-tourn"]
[EventRounds "14"]
[EventCountry "ESP"]
[Source "lmi"]
[SourceDate "2015.11.22"]
[WhiteTeam "Liberty Chess"]
[BlackTeam "Virgen de Atocha"]
[WhiteTeamCountry "ESP"]
[BlackTeamCountry "ESP"]

1. e4 e6 2. d4 d5 3. Nc3 Nf6 4. Bg5 Be7 5. e5 Nfd7 6. Bxe7 Qxe7 7. f4 a6 8. Nf3
c5 9. Qd2 Nc6 10. Be2 cxd4 11. Nxd4 O-O 12. O-O-O Nxd4 13. Qxd4 Qc5 14. Qd3 b5
15. Qh3 Nb6 16. Rd3 Re8 17. Rg3 Nc4 18. Nd1 d4 19. Qh6 Qf8 20. Nf2 g6 21. Qh4
Qg7 22. Ne4 Rf8 23. Nf6+ Kh8 24. Rh3 h5 25. Bxh5 1-0

[Event "Liga Madrileña - DH 2015-2016"]
[Site "Madrid ESP"]
[Date "2015.11.22"]
[Round "1.21"]
[White "Roa Alonso, Santiago"]
[Black "Perez Mitjans, Orelvis"]
[Result "1-0"]
[WhiteElo "2380"]
[BlackElo "2478"]
[PlyCount "73"]
[EventDate "2015.11.22"]
[EventType "team-tourn"]
[EventRounds "14"]
[EventCountry "ESP"]
[Source "lmi"]
[SourceDate "2015.11.22"]
[WhiteTeam "Vallecas CDV"]
[BlackTeam "64 Villalba"]
[WhiteTeamCountry "ESP"]
[BlackTeamCountry "ESP"]

1. d4 Nf6 2. c4 c5 3. d5 e6 4. Nc3 exd5 5. cxd5 g6 6. e4 d6 7. f4 Bg7 8. Bb5+
Nfd7 9. a4 O-O 10. Nf3 Na6 11. O-O Nb4 12. Re1 a6 13. Bf1 Re8 14. Be3 Nf6 15.
Bf2 Nh5 16. Bh4 Bf6 17. Bxf6 Qxf6 18. e5 Qxf4 19. Re4 Qh6 20. Rh4 dxe5 21. Ne4
Qg7 22. Nxc5 a5 23. d6 Bf5 24. d7 Red8 25. g4 e4 26. gxf5 exf3 27. Qxf3 Qe5 28.
Rc1 Nf6 29. Bb5 g5 30. Rhc4 g4 31. Qc3 Qd6 32. Nxb7 Qb6+ 33. Qd4 Qxb7 34. Qxf6
Qa7+ 35. Kf1 h5 36. Qg5+ Kf8 37. f6 1-0

[Event "Liga Madrileña - DH 2015-2016"]
[Site "Madrid ESP"]
[Date "2015.11.22"]
[Round "1.22"]
[White "Rioboo de la Riva, Alvaro"]
[Black "Beltran de Heredia Eguiaz, Miguel Angel"]
[Result "1/2-1/2"]
[WhiteElo "2279"]
[BlackElo "2190"]
[PlyCount "122"]
[EventDate "2015.11.22"]
[EventType "team-tourn"]
[EventRounds "14"]
[EventCountry "ESP"]
[Source "lmi"]
[SourceDate "2015.11.22"]
[WhiteTeam "64 Villalba"]
[BlackTeam "Vallecas CDV"]
[WhiteTeamCountry "ESP"]
[BlackTeamCountry "ESP"]

1. e4 e6 2. d4 d5 3. Nc3 Nf6 4. Bg5 Be7 5. e5 Nfd7 6. Bxe7 Qxe7 7. Qd2 a6 8. f4
Nb6 9. Nf3 Bd7 10. Bd3 c5 11. dxc5 Qxc5 12. Qf2 Qxf2+ 13. Kxf2 Nc6 14. g4 f6
15. Rae1 O-O 16. Kg3 Rae8 17. h4 Re7 18. Rhf1 Ref7 19. g5 fxe5 20. Nxe5 Nxe5
21. Rxe5 d4 22. Ne2 Nd5 23. f5 Ne3 24. Rf4 Nxf5+ 25. Bxf5 exf5 26. Rxd4 Bc6 27.
Kf4 g6 28. Rd6 Rd7 29. Rxd7 Bxd7 30. Nd4 Kf7 31. Rd5 Ke7 32. h5 Bc6 33. Re5+
Kf7 34. Re6 Bd7 35. Rf6+ Kg7 36. h6+ Kg8 37. Rxf8+ Kxf8 38. Ke5 Ke7 39. Ne2 Be8
40. Nf4 Bf7 41. a4 a5 42. c3 b6 43. b4 Bg8 44. bxa5 bxa5 45. c4 Bxc4 46. Nxg6+
Kf7 47. Nf4 Bb3 48. Kxf5 Bxa4 49. Ke5 Bd7 50. Kd4 a4 51. Kc4 Bc6 52. Kb4 Bd7
53. Kc3 Be8 54. Kb4 Bd7 55. Kc4 Be8 56. Kc3 Bd7 57. Kc4 Be8 58. Kd3 Bd7 59. Kd2
Bc6 60. g6+ hxg6 61. Ne6 Kg8 1/2-1/2

[Event "Liga Madrileña - DH 2015-2016"]
[Site "Madrid ESP"]
[Date "2015.11.22"]
[Round "1.23"]
[White "Montanes Arribas, Adrian"]
[Black "Longa Yauca, Javier"]
[Result "0-1"]
[WhiteElo "2173"]
[BlackElo "2232"]
[PlyCount "62"]
[EventDate "2015.11.22"]
[EventType "team-tourn"]
[EventRounds "14"]
[EventCountry "ESP"]
[Source "lmi"]
[SourceDate "2015.11.22"]
[WhiteTeam "Vallecas CDV"]
[BlackTeam "64 Villalba"]
[WhiteTeamCountry "ESP"]
[BlackTeamCountry "ESP"]

1. d4 Nf6 2. c4 e6 3. g3 d5 4. Nf3 Nbd7 5. Bg2 Be7 6. O-O O-O 7. Qc2 b6 8. Ne5
Bb7 9. cxd5 Nxd5 10. Nc6 Qe8 11. Bxd5 exd5 12. Nxe7+ Qxe7 13. Qxc7 Ba6 14. Nc3
Rfc8 15. Qf4 Nf6 16. Qf3 Qe6 17. Be3 Re8 18. Rfe1 h6 19. Kg2 Bc8 20. Rac1 Qh3+
21. Kg1 Bg4 22. Qg2 Qh5 23. f3 Rxe3 24. fxg4 Qg5 25. Rf1 Rae8 26. Rf4 Nxg4 27.
Qxd5 Nxh2 28. Qxf7+ Kh8 29. Kxh2 Qxg3+ 30. Kh1 Qh3+ 31. Kg1 R3e7 0-1

[Event "Liga Madrileña - DH 2015-2016"]
[Site "Madrid ESP"]
[Date "2015.11.22"]
[Round "1.24"]
[White "Ruperez Benito, Antonio"]
[Black "Martin Garcia, Guillermo Li"]
[Result "1-0"]
[WhiteElo "2218"]
[BlackElo "2165"]
[PlyCount "91"]
[EventDate "2015.11.22"]
[EventType "team-tourn"]
[EventRounds "14"]
[EventCountry "ESP"]
[Source "lmi"]
[SourceDate "2015.11.22"]
[WhiteTeam "64 Villalba"]
[BlackTeam "Vallecas CDV"]
[WhiteTeamCountry "ESP"]
[BlackTeamCountry "ESP"]

1. e4 e5 2. Nf3 Nc6 3. Bc4 Bc5 4. c3 Nf6 5. d3 a6 6. Bb3 d6 7. h3 Ba7 8. Be3
O-O 9. Nbd2 Ne7 10. Qe2 Ng6 11. d4 Qe7 12. Bc2 Bd7 13. dxe5 dxe5 14. Bxa7 Nf4
15. Qf1 Rxa7 16. g3 Ng6 17. Nc4 Raa8 18. Ne3 Rad8 19. O-O-O Bc6 20. Nd2 b5 21.
h4 h5 22. Qe2 a5 23. Nf5 Qc5 24. Qe3 Qxe3 25. Nxe3 Rfe8 26. f3 Nf8 27. Nb3 a4
28. Nc5 N6d7 29. Na6 Ne6 30. Nd5 Bxd5 31. exd5 Ndc5 32. dxe6 Nxa6 33. Rxd8 Rxd8
34. e7 Re8 35. Rd1 f5 36. Bxf5 Kf7 37. Rd5 Rxe7 38. Rxb5 g6 39. Be4 Rd7 40.
Rxe5 Rd6 41. Ra5 a3 42. b4 Nb8 43. Rxa3 Kf6 44. Ra7 c6 45. Rc7 Ke5 46. a4 1-0

[Event "Liga Madrileña - DH 2015-2016"]
[Site "Madrid ESP"]
[Date "2015.11.22"]
[Round "1.25"]
[White "Montoya Pecurul, Marc"]
[Black "Martinez Alvira, Santiago"]
[Result "1-0"]
[WhiteElo "2123"]
[BlackElo "1959"]
[PlyCount "55"]
[EventDate "2015.11.22"]
[EventType "team-tourn"]
[EventRounds "14"]
[EventCountry "ESP"]
[Source "lmi"]
[SourceDate "2015.11.22"]
[WhiteTeam "Vallecas CDV"]
[BlackTeam "64 Villalba"]
[WhiteTeamCountry "ESP"]
[BlackTeamCountry "ESP"]

1. e4 e6 2. d4 d5 3. Nc3 Bb4 4. a3 Bxc3+ 5. bxc3 Ne7 6. Qg4 Ng6 7. e5 b6 8. Bd3
Ba6 9. Bg5 Qd7 10. Bxa6 Nxa6 11. Ne2 Qa4 12. O-O Qxc2 13. Ng3 Qxc3 14. h4 c5
15. h5 Nxe5 16. dxe5 b5 17. Bf4 Rg8 18. h6 g6 19. Rfc1 Qd3 20. Rd1 Qb3 21. Qg5
Nc7 22. Nh5 c4 23. Nf6+ Kf8 24. Be3 Na6 25. Nxh7+ Ke8 26. Nf6+ Kf8 27. Nxg8
Kxg8 28. Qf6 1-0

[Event "Liga Madrileña - DH 2015-2016"]
[Site "Madrid ESP"]
[Date "2015.11.22"]
[Round "1.26"]
[White "Palomino Menendez, Salvador"]
[Black "Ambrona Castellanos, Miguel"]
[Result "0-1"]
[WhiteElo "1888"]
[BlackElo "2055"]
[PlyCount "133"]
[EventDate "2015.11.22"]
[EventType "team-tourn"]
[EventRounds "14"]
[EventCountry "ESP"]
[Source "lmi"]
[SourceDate "2015.11.22"]
[WhiteTeam "64 Villalba"]
[BlackTeam "Vallecas CDV"]
[WhiteTeamCountry "ESP"]
[BlackTeamCountry "ESP"]

1. e4 c5 2. Nc3 Nc6 3. f4 e6 4. Bb5 Nge7 5. Nf3 a6 6. Bxc6 Nxc6 7. O-O Be7 8.
d3 d5 9. e5 b5 10. a4 b4 11. Ne2 O-O 12. b3 d4 13. Qe1 Bb7 14. Qg3 Qd5 15. f5
exf5 16. Bh6 g6 17. Nf4 Qd7 18. Nh5 Rfe8 19. Ng5 Qc7 20. Nxf7 Kxf7 21. Rxf5+
Ke6 22. Nf4+ Kd7 23. Nd5 Qd8 24. Qg4 Kc8 25. Rf8+ Kb8 26. Rxe8 Qxe8 27. e6 Ka7
28. Nc7 Qd8 29. Nxa8 Qxa8 30. Bf4 Qc8 31. Re1 Nd8 32. Re5 Bd6 33. Re2 Bxf4 34.
Qxf4 Nxe6 35. Qd6 Ng7 36. Re5 Nf5 37. Qxc5+ Qxc5 38. Rxc5 Kb6 39. Rc4 a5 40. g4
Ne3 41. Rxd4 Nxc2 42. Rd7 Na1 43. Rxh7 Nxb3 44. Rh6 Nd4 45. Rxg6+ Bc6 46. Rf6
Nf3+ 47. Kf2 b3 48. d4 b2 49. d5 Ne5 50. Kg3 b1=Q 51. dxc6 Qd3+ 52. Kf4 Nxc6
53. h4 Qd5 54. g5 Kc7 55. h5 Ne7 56. h6 Qd4+ 57. Kg3 Qe3+ 58. Kg4 Qe4+ 59. Rf4
Qe6+ 60. Kg3 Nf5+ 61. Kf3 Qg6 62. Kg4 Nxh6+ 63. Kh4 Nf7 64. Rc4+ Kd6 65. Rd4+
Ke5 66. Rg4 Kf5 67. Rg1 0-1

[Event "Liga Madrileña - DH 2015-2016"]
[Site "Madrid ESP"]
[Date "2016.02.08"]
[Round "1.31"]
[White "Vazquez Igarza, Renier"]
[Black "Aranda Marin, Cristian"]
[Result "1-0"]
[WhiteElo "2565"]
[BlackElo "2352"]
[PlyCount "77"]
[EventDate "2015.11.22"]
[EventType "team-tourn"]
[EventRounds "14"]
[EventCountry "ESP"]
[Source "lmi"]
[SourceDate "2015.11.22"]
[WhiteTeam "Collado Villalba"]
[BlackTeam "San Fernando de Henares"]
[WhiteTeamCountry "ESP"]
[BlackTeamCountry "ESP"]

1. Nf3 Nf6 2. c4 e6 3. Nc3 d5 4. e3 Be7 5. d4 O-O 6. Be2 dxc4 7. Bxc4 c5 8. O-O
Nc6 9. a3 a6 10. Bd3 Qc7 11. dxc5 Bxc5 12. b4 Be7 13. Bb2 Rd8 14. Qc2 Bd7 15.
Ne4 Nxe4 16. Bxe4 f5 17. Bd3 Be8 18. Rac1 Bd6 19. Qb3 Bf7 20. e4 Bf4 21. Rce1
Rac8 22. exf5 exf5 23. Bc4 b5 24. Be6 Bxe6 25. Rxe6 Qf7 26. Rfe1 Rf8 27. g3 Bh6
28. Qd1 Rc7 29. Kg2 Rcc8 30. h3 Rc7 31. R1e2 Rd7 32. Qe1 Rc7 33. Qb1 Rcc8 34.
Qd3 Rc7 35. Rd6 Qc4 36. Qxc4+ bxc4 37. Rc2 Nb8 38. Be5 Rfc8 39. Rb6 1-0

[Event "Liga Madrileña - DH 2015-2016"]
[Site "Madrid ESP"]
[Date "2015.11.22"]
[Round "1.32"]
[White "Fernandez Blazquez, Diego"]
[Black "Moreno Ruiz, Javier"]
[Result "0-1"]
[WhiteElo "2229"]
[BlackElo "2435"]
[PlyCount "54"]
[EventDate "2015.11.22"]
[EventType "team-tourn"]
[EventRounds "14"]
[EventCountry "ESP"]
[Source "lmi"]
[SourceDate "2015.11.22"]
[WhiteTeam "San Fernando de Henares"]
[BlackTeam "Collado Villalba"]
[WhiteTeamCountry "ESP"]
[BlackTeamCountry "ESP"]

1. e4 e6 2. d4 d5 3. Nc3 Bb4 4. e5 c5 5. a3 Bxc3+ 6. bxc3 Ne7 7. h4 Nbc6 8. h5
Qa5 9. Bd2 Bd7 10. Nf3 h6 11. c4 Qc7 12. cxd5 exd5 13. dxc5 Nxe5 14. Rb1 O-O
15. Be2 Nc4 16. Bxc4 dxc4 17. Rh4 Rfe8 18. Kf1 Rad8 19. Qc1 Qxc5 20. Rxb7 Nf5
21. Rf4 c3 22. Be3 Nxe3+ 23. fxe3 Rxe3 24. Rfb4 Bc6 25. Rb8 Rxb8 26. Rxb8+ Kh7
27. Qd1 Bb5+ 0-1

[Event "Liga Madrileña - DH 2015-2016"]
[Site "Madrid ESP"]
[Date "2015.11.22"]
[Round "1.33"]
[White "Martin Duque, Jesus"]
[Black "Garrido Olivares, Ricard"]
[Result "1/2-1/2"]
[WhiteElo "2347"]
[BlackElo "2155"]
[PlyCount "114"]
[EventDate "2015.11.22"]
[EventType "team-tourn"]
[EventRounds "14"]
[EventCountry "ESP"]
[Source "lmi"]
[SourceDate "2015.11.22"]
[WhiteTeam "Collado Villalba"]
[BlackTeam "San Fernando de Henares"]
[WhiteTeamCountry "ESP"]
[BlackTeamCountry "ESP"]

1. e4 c6 2. Nc3 d5 3. Nf3 Bg4 4. h3 Bxf3 5. Qxf3 e6 6. d3 Nf6 7. Bd2 Nbd7 8. g3
g6 9. Bg2 Bg7 10. O-O O-O 11. Qe2 dxe4 12. dxe4 e5 13. Be3 Qe7 14. Qc4 Rfe8 15.
a4 a5 16. Rfd1 Qb4 17. Qa2 Nc5 18. Qb1 Ne6 19. Na2 Qe7 20. Nc1 Nc5 21. c3 Nfd7
22. Nd3 Nxd3 23. Qxd3 Nc5 24. Qc4 Bf8 25. Rd2 Qe6 26. Qxe6 fxe6 27. Bxc5 Bxc5
28. Rad1 Re7 29. Kf1 Kf7 30. h4 Ke8 31. Ke2 b5 32. axb5 cxb5 33. h5 g5 34. Bh3
h6 35. Rd3 Rf7 36. Rf1 Rf6 37. f3 Rd8 38. Rfd1 Rxd3 39. Rxd3 Ke7 40. b4 axb4
41. cxb4 Bxb4 42. Rb3 Bd6 43. Rxb5 Rf7 44. Ra5 Kf6 45. Ra6 Rd7 46. Bg4 Rd8 47.
Bh3 Rd7 48. Ra8 Rf7 49. Re8 Kg7 50. Rxe6 Rf6 51. Rxf6 Kxf6 52. Bf5 Bb4 53. Kd1
Bc5 54. Ke2 Bb4 55. Bh3 Bc5 56. Bf5 Bb4 57. Bh3 Bc5 1/2-1/2

[Event "Liga Madrileña - DH 2015-2016"]
[Site "Madrid ESP"]
[Date "2015.11.22"]
[Round "1.34"]
[White "Del Valle Cirera, Adria"]
[Black "Ortega Ruiz, Jose Miguel"]
[Result "1-0"]
[WhiteElo "2107"]
[BlackElo "2288"]
[PlyCount "47"]
[EventDate "2015.11.22"]
[EventType "team-tourn"]
[EventRounds "14"]
[EventCountry "ESP"]
[Source "lmi"]
[SourceDate "2015.11.22"]
[WhiteTeam "San Fernando de Henares"]
[BlackTeam "Collado Villalba"]
[WhiteTeamCountry "ESP"]
[BlackTeamCountry "ESP"]

1. e4 d5 2. exd5 Qxd5 3. Nc3 Qa5 4. d4 Nf6 5. Bc4 Bf5 6. Nf3 e6 7. Bd2 Qb6 8.
Bb3 c6 9. Qe2 Be7 10. O-O O-O 11. Na4 Qc7 12. c4 Nbd7 13. h3 Ne4 14. Nc3 Nxd2
15. Nxd2 Bf6 16. Qe3 c5 17. d5 Bd4 18. Qf3 Ne5 19. Qg3 Qa5 20. Nde4 Bg6 21. Nb5
exd5 22. Nxd4 dxc4 23. Qxe5 cxb3 24. Nxb3 1-0

[Event "Liga Madrileña - DH 2015-2016"]
[Site "Madrid ESP"]
[Date "2015.11.22"]
[Round "1.35"]
[White "Cao Armillas, Jesus"]
[Black "Nunez Miranda, Adrian"]
[Result "1-0"]
[WhiteElo "2087"]
[BlackElo "2085"]
[PlyCount "113"]
[EventDate "2015.11.22"]
[EventType "team-tourn"]
[EventRounds "14"]
[EventCountry "ESP"]
[Source "lmi"]
[SourceDate "2015.11.22"]
[WhiteTeam "Collado Villalba"]
[BlackTeam "San Fernando de Henares"]
[WhiteTeamCountry "ESP"]
[BlackTeamCountry "ESP"]

1. d4 Nf6 2. c4 c5 3. d5 b5 4. cxb5 a6 5. bxa6 g6 6. Nc3 Bxa6 7. g3 Bg7 8. Bg2
d6 9. Nf3 O-O 10. O-O Qa5 11. Bd2 Nbd7 12. Rb1 Rfb8 13. Qc1 Ng4 14. b3 c4 15.
h3 Nge5 16. Nxe5 Bxe5 17. Qc2 cxb3 18. axb3 Rc8 19. b4 Qc7 20. Rfc1 Bxe2 21.
Qe4 Bc4 22. Nb5 Qb8 23. Nxd6 Qxd6 24. Rxc4 Nb6 25. Rxc8+ Rxc8 26. Rc1 Rxc1+ 27.
Bxc1 f5 28. Qb1 Nxd5 29. Bxd5+ Qxd5 30. Be3 Bb8 31. Qc2 Qe6 32. Qd3 Kf7 33. Bc5
f4 34. g4 Qe5 35. Kg2 h5 36. Qc4+ Qe6 37. Qxe6+ Kxe6 38. Kf3 Kf6 39. Ke4 e6 40.
b5 e5 41. f3 Kf7 42. gxh5 gxh5 43. Kf5 h4 44. Bf2 Ke7 45. Bxh4+ Kd6 46. Bf6 Kd5
47. h4 e4 48. fxe4+ Kc4 49. h5 f3 50. Bh4 Bd6 51. b6 Kb5 52. Bf2 Kc6 53. h6 Bc5
54. b7 Bxf2 55. b8=Q Be3 56. h7 f2 57. Qb1 1-0

[Event "Liga Madrileña - DH 2015-2016"]
[Site "Madrid ESP"]
[Date "2015.11.22"]
[Round "1.36"]
[White "De la Orden Alcocer, Alejandro"]
[Black "San Juan Rodriguez, Miguel"]
[Result "1-0"]
[WhiteElo "2024"]
[BlackElo "2039"]
[PlyCount "55"]
[EventDate "2015.11.22"]
[EventType "team-tourn"]
[EventRounds "14"]
[EventCountry "ESP"]
[Source "lmi"]
[SourceDate "2015.11.22"]
[WhiteTeam "San Fernando de Henares"]
[BlackTeam "Collado Villalba"]
[WhiteTeamCountry "ESP"]
[BlackTeamCountry "ESP"]

1. Nf3 Nc6 2. d4 d5 3. g3 Bf5 4. a3 e6 5. Bg2 Bd6 6. c4 dxc4 7. Qa4 Nf6 8. Qxc4
O-O 9. Nc3 Rc8 10. Nh4 Na5 11. Qa4 c6 12. Nxf5 exf5 13. O-O b5 14. Qc2 Be7 15.
Qxf5 Nb3 16. Rb1 Nxd4 17. Qd3 Ne6 18. Rd1 Qc7 19. Qc2 a6 20. b4 c5 21. Nd5 Nxd5
22. Bxd5 cxb4 23. Qa2 Rfd8 24. axb4 Qc2 25. Bb2 Qxe2 26. Re1 Qd3 27. Bxe6 fxe6
28. Qxe6+ 1-0